000 00606nam a2200193Ia 4500
001 23708
003 GE_BSU
008 181216s||||||||xx |||||||||||||| ||und||
040 _cGE_BSU
245 _aВопросы языкознания, №5. сентябрь-октябрь 2018
245 _cГл.ред.В.А.Плунгян и др.
260 _aмосква
260 _c2018г.
300 _a168ст;24см;
653 _aВопросы языкознания, №5. сентябрь-октябрь 2018
653 _aПериодика
653 _aპერიოდიკა
942 _cCR
999 _c56592
_d56592